[Event "BAN-chT2 Borsho 2nd"]
[Site "Bangladesh"]
[Date "2021.01.27"]
[Round "8.2"]
[White "Md Abzid, Rahman"]
[Black "Md Anikuzzaman, Anu"]
[Result "1-0"]
[WhiteElo "2002"]
[BlackElo "1747"]
[PlyCount "95"]
[EventDate "2021.01.20"]
[EventType "team-tourn"]
[EventRounds "9"]
[EventCountry "BAN"]
[SourceTitle "CBM 200 Extra"]
[Source "ChessBase"]
[SourceDate "2021.03.31"]
[SourceVersion "1"]
[SourceVersionDate "2021.03.31"]
[SourceQuality "1"]
[WhiteTeam "Sports Bangla"]
[BlackTeam "Mohammadpur CC"]
[WhiteTeamCountry "BAN"]
[BlackTeamCountry "BAN"]

1. d4 d5 2. c4 c6 3. Nc3 Nf6 4. Nf3 Bf5 5. Qb3 Qb6 6. c5 Qxb3 7. axb3 Nbd7 8. b4 Ne4 9. b5 Nxc3 10. bxc3 g6 11. Bf4 Bg7 12. e3 Nxc5 13. bxc6 bxc6 14. Ba6 Nxa6 15. Rxa6 Bd3 16. Rxc6 0-0 17. Kd2 Bc4 18. Ra1 a5 19. Kc2 f6 20. Nd2 Be2 21. Rc5 a4 22. Rxd5 h5 23. Bc7 e6 24. Ra5 Rxa5 25. Bxa5 Bb5 26. c4 Bc6 27. f3 f5 28. Bc3 Ra8 29. e4 Bf8 30. d5 Bd7 31. Rb1 a3 32. Rb7 Ba4+ 33. Kb1 exd5 34. exd5 Re8 35. Bb4 Re1+ 36. Ka2 Bg7 37. Nb1 Rc1 38. Kxa3 Bc2 39. Rxg7+ Kxg7 40. Bc3+ Kf7 41. Kb2 Rxb1+ 42. Kxc2 Rg1 43. c5 Rxg2+ 44. Kd3 Ke7 45. c6 Ra2 46. Be5 Ra8 47. d6+ Ke6 48. d7 1-0

[Event "Dhaka IRT U2000"]
[Site "Dhaka"]
[Date "2018.02.16"]
[Round "3"]
[White "Md Shafiqul, Islam"]
[Black "Md Anikuzzaman, Anu"]
[Result "1-0"]
[WhiteElo "1936"]
[BlackElo "1713"]
[PlyCount "49"]
[EventDate "2018.02.14"]
[EventType "swiss"]
[EventRounds "9"]
[EventCountry "BAN"]
[SourceTitle "EXT 2024"]
[Source "ChessBase"]
[SourceDate "2023.10.10"]
[SourceVersion "1"]
[SourceVersionDate "2023.10.10"]
[SourceQuality "1"]

1. Nf3 Nc6 2. c4 e5 3. Nc3 Nf6 4. g3 Bc5 5. Bg2 e4 6. Nh4 g5 7. d4 Bxd4 8. Bxg5 Bxf2+ 9. Kf1 Bd4 10. Nxe4 h6 11. Qxd4 Nxd4 12. Bxf6 d6 13. Bxd8 Kxd8 14. Rd1 Nc2 15. Kf2 Nb4 16. a3 Nc6 17. c5 f5 18. Nc3 Ne5 19. cxd6 Ng4+ 20. Kf3 Bd7 21. Nd5 Kc8 22. Nxf5 Ne5+ 23. Ke4 Bxf5+ 24. Kxe5 Bg4 25. Nf6 1-0